| 000 | 00843nas a2200265 4500 | ||
|---|---|---|---|
| 001 | BR9604467 | ||
| 003 | BR-BrBNA | ||
| 005 | 20231205095321.0 | ||
| 007 | ta | ||
| 008 | 230509b bl.|||p| |||| 00| 00por d | ||
| 040 |
_aBR-BrBNA _bpor _cBiblioteca Nacional de Agricultura |
||
| 041 | _a(Pt) | ||
| 072 | _aH10 | ||
| 100 | 1 | _aZanuncio, J.C. | |
| 100 | 1 | _aCominatto Junior, J.L. | |
| 100 | 1 | _aBeig, O. | |
| 100 | 1 | _aZanuncio, T.V. | |
| 245 | 1 | _aArmadilhas luminosas com painel fotovoltaico para monitoramento e supressao populacional de lepidopteros desfolhadores de eucalipto | |
| 650 | _aEucalipto | ||
| 650 | _aLepidoptero | ||
| 650 | _aArmadilha Luminosa | ||
| 773 | 0 |
_tRevista Arvore (Brazil) _xISSN 0100-6762 _g(Jan-Apr 1991), v. 15(1) p. 95-102 _wBR9604467 |
|
| 909 |
_a202311 _bLúcia _c55 _dLúcia Elande |
||
| 942 |
_2AGRIS _n0 _cANA |
||
| 999 |
_c150021 _d150021 |
||